000 01122nam a2200193Ia 4500
003 OSt
005 20260112063140.0
008 181105s2012 xx 000 0 und
020 _a9780745332390
040 _cnls
082 _a330.122 KLI
100 _aKliman, Andrew
245 _aThe failure of capitalist production
_bunderlying causes of the great recession /
_cAndrew Kliman
260 _aLondon :
_bPluto Press,
_c2012.
300 _axiii, 240 p. :
_bill. ;
_c23 cm.
505 _aList o f Tables viii List o f Figures ix List o f Abbreviations xi Acknowledgments xii 1 Introduction 1 2 Profitability, the Credit System, and the “ Destruction o f Capital” 13 3 Double, Double, Toil and Trouble: Dot-com Boom and Home-price Bubble 28 4 The 1970s— N ot the 1980s— as Turning Point 48 5 Falling Rates o f Profit and Accumulation 74 6 The Current-cost “ Rate o f Profit” 102 7 W hy the Rate of Profit Fell 123 8 The Underconsumptionist Alternative 151 9 W hat is to be Undone? 181 Notes 208 Bibliography 227 Index 234
856 _uhttp://digamo.free.fr/kliman01.pdf
942 _2ddc
_cBK
999 _c111678
_d111678